Los nuevos alquimistas. Silicon Valley y la revolución microelectrónica
Guardat en:
| Autor principal: | |
|---|---|
| Altres autors: | |
| Format: | Llibre |
| Idioma: | anglès espanyol |
| Publicat: |
Barcelona, España
Editorial Planeta S.A.
1984
|
| Edició: | Primera edición |
| Col·lecció: | Colección La sociedad económica
|
| Matèries: | |
| Etiquetes: |
Afegir etiqueta
Sense etiquetes, Sigues el primer a etiquetar aquest registre!
|
MARC
| LEADER | 00000nam a22000007a 4500 | ||
|---|---|---|---|
| 003 | CL-VaPUC | ||
| 005 | 20210825104722.0 | ||
| 008 | 210629b ||||| |||| 00| 0 eng d | ||
| 999 | |c 433270 |d 433268 | ||
| 020 | |a 8432078646 | ||
| 040 | |c Pontificia Universidad Católica de Valparaíso | ||
| 041 | 0 | |a spa | |
| 082 | 0 | 4 | |2 21 |a 338.476213817 HAN 1984 |
| 100 | 1 | |a Hanson, Dirk |e autor |9 861963 | |
| 245 | 1 | 4 | |a Los nuevos alquimistas. |b Silicon Valley y la revolución microelectrónica |
| 250 | |a Primera edición | ||
| 260 | |a Barcelona, España |b Editorial Planeta S.A. |c 1984 | ||
| 300 | |a 291 páginas | ||
| 490 | |a Colección La sociedad económica | ||
| 500 | |a Donación familia profesor Sergio Soto Silva. Escuela de Mecánica. | ||
| 583 | |c 20210629 |k Daniel Castañeda | ||
| 650 | 0 | 0 | |a Microelectrónica |x Industria electrónica |9 861964 |
| 651 | |a Silicon Valley |z USA |9 861965 | ||
| 700 | 1 | |a Villegas, Paloma |e traductora |9 861966 | |
| 942 | |2 ddc |c BK | ||
| 952 | |0 0 |1 0 |2 ddc |4 0 |6 338_476213817000000_HAN_1984 |7 0 |9 578340 |a BIBMEC |b BIBMEC |d 2021-06-29 |i 5622417 |o 338.476213817 HAN 1984 |p 5622417 |r 2024-01-19 |t 1 |w 2021-06-29 |y BK |k MEC | ||